000 00609nam a2200217Ia 4500
003 OSt
005 20230413110612.0
008 210423s2009 xx 000 0 und d
020 _a978-81-261-4169-2
040 _cAL
041 _aeng
082 _a070.194
_223
_bKUME
100 _aKUMAR (Dibyanshu)
_987748
245 _aEncyclopaedia of radio jockeying and news anchoring
260 _aNew Delhi
_bAnmol Publications
_c2009
300 _aix,315
_bHB
365 _b3000
_cINR
650 _aBroadcast Media
_987749
906 _aanchoring ; Encyclopaedia ; jockeying ; news ; radio
942 _2ddc
_cBK
999 _c169886
_d169886